| 000 | 00582nam a2200193 a 4500 | ||
|---|---|---|---|
| 001 | 5990 | ||
| 003 | CDMR | ||
| 005 | 20151026133603.0 | ||
| 008 | 130220s2004||||||||||||||||||||||||||||d | ||
| 040 |
_aCDMR _bcat _cCDMR |
||
| 100 | 1 |
_aCóppulo, Sílvia _92995 |
|
| 245 | 1 | 0 |
_aCom neix Comràdio _b: el naixement d'un model nou de xarxa local de ràdio (1993-96) _cSílvia Cóppulo |
| 260 |
_aBarcelona _c2004 |
||
| 300 |
_a2 v. ; _c22 cm |
||
| 610 | 2 |
_93651 _aCOMRàdio |
|
| 650 | 0 | 4 |
_aRàdio local _93756 _zCatalunya |
| 650 | 0 | 4 |
_92994 _aTesis i dissertacions acadèmiques |
| 942 |
_cMON _2ddc |
||
| 999 |
_c5990 _d5990 |
||